Laddar...

സോവിയറ്റ് നാടും ജനതയും

Bibliografiska uppgifter
Huvudupphovsmän: കാതലീ൯ ടെയ്ല൪, Kathleen Taylor
Övriga upphovsmän: വി കെ വിശ്വംഭര൯, വിവ, V K Viswambharan, Tr
Materialtyp: Printed Book
Publicerad: Kottayam; Vidyarthi Mithram Press & Book Depot; 1968
Upplaga:1st
Ämnen:
LEADER 00808nam a22002057a 4500
082 |a 900  |b KAT/S K8 
100 |a കാതലീ൯ ടെയ്ല൪;  |9 236881 
100 |a Kathleen Taylor  |9 236882 
240 |a Soviet Nadum Janathayum 
245 |a സോവിയറ്റ് നാടും ജനതയും 
250 |a 1st 
260 |a Kottayam;  |b Vidyarthi Mithram Press & Book Depot;  |c 1968 
300 |a 128p. 
650 |a മലയാളം;  |9 236883 
650 |a Malayalam;  |9 236884 
700 |a വി കെ വിശ്വംഭര൯, വിവ.  |9 236885 
700 |a V K Viswambharan, Tr.  |9 236886 
942 |c BK 
999 |c 44931  |d 44931 
952 |0 0  |1 0  |4 0  |6 900_000000000000000_KAT_S_K8  |7 0  |8 WH  |9 52092  |a MAL  |b MAL  |d 2015-11-16  |e T30001  |g 1.60  |l 0  |o 900 KAT/S K8  |p MALT030001  |r 2015-11-16  |t 1  |w 2015-11-16  |y BK